000
00201 a2200097 4500
001
8326
090
_c
6702
_d
6702
100
_a
Fimazee, I
245
_a
Automotive fundamentals (664-B actioned)
260
_b
A T S
942
_a
NUST-CAE
999
_c
243399
_d
243399